| 000 | 01177nam a2200325 a 4500 | ||
|---|---|---|---|
| 001 | 000115715 | ||
| 003 | CHAP | ||
| 005 | 20220329144545.0 | ||
| 008 | 190627s2019 mx |sm |||||||spa d | ||
| 010 | _a112176 | ||
| 011 | _a113148 | ||
| 040 | _cCHAP | ||
| 090 | _aTesis | ||
| 100 | 1 |
_aSantiago Osorio, Ismael Teodomiro. _9129077 |
|
| 245 | 1 | 0 |
_aDiseño de un modelo de negocio sostenible para la producción y comercialización de mezcal tradicional _h[En línea] _cpor Ismael Teodomiro, Santiago Osorio. |
| 260 |
_aChapingo, Méx. : _bEl autor, _c2019. |
||
| 500 | _aPara ver el contenido del material haga clic en la liga | ||
| 502 | _aTesis (M. en Estrategia Agroempresarial) -- UACH. CIESTAAM | ||
| 590 |
_aE5765TAJ _b05 _c20190627 _lUCH01 _h1234 |
||
| 590 |
_aE5765TAJ _b05 _c20190627 _lUCH01 _h1235 |
||
| 590 |
_aE5765TAJ _b05 _c20190627 _lUCH01 _h1252 |
||
| 590 |
_aE5765TAJ _b05 _c20190627 _lUCH01 _h1252 |
||
| 650 | 1 | 4 |
_aMezcal _xElaboración. _975354 |
| 650 | 1 | 4 |
_aMezcal _xMercadeo. _975357 |
| 650 | 1 | 4 |
_aMezcal _xRendimiento. _975360 |
| 856 |
_aFinding aid _uhttp://10.13.5.2/tesis/sist115715.pdf _zTeclea aquí |
||
| 901 | _aBK | ||
| 942 | _cTESIS | ||
| 942 | _n0 | ||
| 999 |
_c112176 _d112176 |
||